La ciencia a través del periodismo

Gardado en:
Detalles Bibliográficos
Autor Principal: Elías Pérez, Carlos (Author)
Formato: Libro
Idioma:Lingua castelá
Publicado: Madrid Nivola 2003
Series:Ciencia Abierta, 8
Subjects:
Tags: Engadir etiqueta
Sen Etiquetas, Sexa o primeiro en etiquetar este rexistro!

MARC

LEADER 00000nam a2200000 a 4500
001 UCK2194
003 CL-VaPUC
008 041223e20030000SP |||||||||||||||||spa|d
020 |a 8495599732 
082 0 4 |a 070.4  |b ELI  |2 21 
100 0 |a Elías Pérez, Carlos  |e author  |9 490015 
245 1 3 |a La ciencia a través del periodismo 
300 |a 285 p 
942 |c BK 
945 |d 20041223 00:00:00  |a cmena 
260 |a Madrid  |b Nivola  |c 2003 
650 0 |a Periodismo   |9 310113 
650 0 |a Medios de comunicación de masas  |9 257273 
650 0 |a Lenguaje científico  |9 416891 
650 0 |a Análisis del discurso  |9 256696 
650 0 |a Filosofía de las ciencias  |9 256466 
583 |a last modification  |c 20041223 00:00:00  |k Rodrigo Vera 
490 0 |a Ciencia Abierta, 8 
999 |c 311813  |d 311811 
952 |0 0  |1 0  |4 0  |6 070_400000000000000_ELI_2003  |7 0  |8 A  |9 381471  |a FDOPOS  |b FDOPOS  |d 2019-11-21  |i 4089537  |o 070.4 ELI 2003  |p 4089537  |r 2025-01-22  |w 2019-11-21  |y BK  |k MLA